00730cam a2200229 a 45000010008000000030004000080050017000120080041000290100017000700200025000870400018001120500022001300820016001522450060001682600055002283000029002835000046003126500028003586500047003867100034004337400033004672050582OSt20170207093101.0930419s1993 nyua 000 0 eng  a 93017789  a0942655079 :c$37.50 aDLCcDLCdDLC00aNA7120b.H86 199300a728/.3722000aHouses for good living /cRoyal Barry Wills Associates. aStamford, N.Y. :bArchitectural Book Pub.,cc1993. a144 p. :bill. ;c29 cm. aRev. ed. of: More houses for good living. 0aArchitecture, Domestic. 0aArchitecture, DomesticxDesigns and plans.2 aRoyal Barry Wills Associates.0 aMore houses for good living.